000
00340 a2200157 4500
001
56785
020
_a
9788508121564
040
_c
Anchieta - Pituba
100
_a
Harrar, George
240
1
0
_a
Dizem que sou louco
_l
por
245
1
0
_a
Dizem que sou louco
300
_a
200
362
0
_a
2009
650
4
_a
Literatura juvenil
942
_c
BK
999
_c
56785
_d
56785